Culture Générale - Série 60 - Statistiques

Statistiques générales
  • Ce quiz a été pris 754 fois
  • Le résultat moyen est 3 sur 10
Statistiques - réponses
Question Réponse % Correct
Quel animal de légende peut-on voir sur le drapeau du Pays de Galles ? Dragon
87%
Qu'est-ce qu'un sarouel ? Pantalon
84%
Ecrit satirique généralement court et violent, dirigé contre quelqu'un, une institution, un groupe Pamphlet
43%
Qu'est-ce qu'un cénobite (religieux) ? Moine
23%
L'ouest, le couchant, l'occident ou encore .... Ponant
17%
Qu'est-ce qu'un germon (poisson) ? Thon
15%
Où se trouve le mont Ida, actuel mont Psiloritis ? Crète
14%
Sous l'Ancien Régime, qu'appelait-on un gabelou ? Douanier
10%
Appareil élévateur constitué d'une chaîne sans fin munie de godets ou de plates-formes, servant à transporter de l'eau ou diverses marchandises Noria
9%
Espèce de plante herbacée vivace des pays du pourtour méditerranéen, de la famille des solanacées, voisine de la belladone. Les Anciens prêtaient à cette plante des vertus magiques, en raison de sa forte teneur en alcaloïdes aux propriétés hallucinogènes Mandragore
5%
Aucun quiz correspondant
Distribution des résultats
% des personnes avec chaque résultat
Percentile par nombre de réponses
Votre historique - résultats
Vous n’avez pas pris ce quiz